000 00917nam a2200325Ia 4500
001 7387
003 IT-RoPAU
008 130308s9999 xx 000 0 und d
040 _aIT-RoPAU
040 _cIT-RoPAU
041 _aITALIANO
100 _aPaskaleva Kostadinka
100 _gCodice Aut. SPICS: 2845
245 _aIcone bulgare dei secoli IX-XIX
245 _bIcone bulgare dei secoli Ix-Xix
250 _a1a ed.
260 _aROMA
260 _bDe Luca
260 _c1979 [1° Ed.:1979 - Ed.Ling.Originale:1979]
300 _a"60 p. (prefazione: no ; testo: 60)"
500 _aCatalogo della mostra a palazzo Venezia Roma 1979 cento icone con Relativa Scheda
650 _aSTORIA UNIVERSALE DELLE ARTI VISIVE
650 _eCodice materia Spics: 5009
700 _aPrashkov Liuben
700 _gCodice Aut. SPICS: 2359
942 _cBK
957 _71
999 _c68630
_d68630
999 _bSI
999 _g1